Fossile BGE 1A - Statistiques

Statistiques générales
  • Ce quiz a été pris 7 fois
  • Le résultat moyen est 50 sur 93
Statistiques - réponses
Fossile Période Lieu de vie % Correct
Diatomée Actuel Bathyal
100%
Siphonia Senomien Circalittoral
100%
Clyménies Dévonien Circalittoral
100%
Tissotia Crétacé terminal Circalittoral
100%
Sowerbyceras Oxfordien Circalittoral
100%
Perisphinctes Callovien - Tithonien Circalittoral
100%
Cardioceras Callovien - Oxfordien Circalittoral
100%
Berriasella Berriasien Circalittoral
100%
Oclostephanus Hauterivien Circalittoral
100%
Turrilites Cénomanien Circalittoral
100%
Baculites Campanien - Maastrichtien Circalittoral
100%
Hélix Tertiaire - actuel Continental
100%
Débris osseux Tertiaire - actuel Continental
100%
Coquille d’œuf Crétacé - actuel Continental
100%
Bois fossile Tertiaire - actuel Continental
100%
Lépidodendron Carbonifère - Permien Continental
100%
Calamites Carbonifère - Permien Continental
100%
Fougères Carbonifère - actuel Continental
100%
Phacops Dévonien Infralittoral
100%
Paradoxides Cambrien Infralittoral
100%
Glycimeris Crétacé - actuel Infralittoral
100%
Trigonia Lias - crétacé Infralittoral
100%
Natica Crétacé - actuel Infralittoral
100%
Dentalium Tertiaire - actuel Infralittoral
100%
Cératites Trias Infralittoral
100%
Arietites Lias inferieur Infralittoral
100%
Crioceras Hauterivien Infralittoral
100%
Mélobésiées Tertiaire - actuel Infralittoral
100%
Patella Crétacé supérieur - actuel Intertidal
100%
Helminthoïde Mésozoïque - actuel Bathyal - abyssal
50%
Cancellopycus Mésozoïque Bathyal - abyssal
50%
Receptaculite Silurien - Dévonien Benthique fixé Infralittoral - récifal
50%
Productus Carbonifère - Permien Benthique fixé Infralittoral, récifal - circalittoral superieur
50%
Archeocyathe Carbonifère Benthique fixé Infralittoral supérieur
50%
Halysites Ordovicien - Dévonien Benthique fixé récifal Infralittoral
50%
Miliole Lutétien Benthique Infralittoral
50%
Nummulite Éocène - Oligocène Benthique Infralittoral
50%
Fusuline Carbonifère - Permien Benthique Infralittoral - circalittoral
50%
Alvéoline Crétacé supérieur - actuel Benthique Infralittoral supérieur
50%
Planorbis Tertiaire - actuel Continental - lacustre
50%
Dents Tertiaire - actuel Continental - marin
50%
Zaphrentis Dévonien - Carbonifère Fixé récifal Infralittoral
50%
Acropora Jurassique supérieur - actuel Fond rocheux Infralittoral
50%
Limule Paléozoïque - actuel Fond sableux
50%
Scrutella Miocène Fonds sableux fin Infralittoral
50%
Exogyra Malm Fonds vaseux Infralittoral
50%
Pecten Jurassique - actuel Infralittoral
50%
Spirifer Dévonien - Permien Infralittoral - circalittoral
50%
Pleurotomaria Silurien - actuel Infralittoral - circalittoral
50%
Hildoceras Lias supérieur Infralittoral - circalittoral
50%
Amaltheus Lias moyen Infralittoral - circalittoral
50%
Macrocephalus Bathonien - callovien Infralittoral - circalittoral
50%
Reineckeia Callovien Infralittoral - circalittoral
50%
Hoplites Albien Infralittoral - Circalittoral
50%
Schloenbachia Cénomanien Infralittoral - Circalittoral
50%
Pulchellia Barrémien Infralittoral - Circalittoral
50%
Cidaris Jurassique - actuel Infralittoral, hôte récifal
50%
Nerinea Dogger - crétacé supérieur Infralittoral récifal
50%
Orbitoline Cénomanien Infralittoral supérieur
50%
Cerithium Crétacé supérieur - actuel Intertidal - Infralittoral
50%
Limnea Tertiaire - actuel Lacustre - fluvial
50%
Pleurodyctium Dévonien Littoral récifal
50%
Hexagonaria Carbonifère Littoral récifal
50%
Belemnitella Crétacé supérieur Marin
50%
Duvalia Crétacé inférieur Marin
50%
Nautilus Actuel Marin
50%
Stromatolithe Précambrien - actuel Marin
50%
Crinoïdes Trias moyen Marin fond rocheux
50%
Mytilus Trias - actuel Marin littoral
50%
Bryozoaire (fenestella) Dévonien - Permien Marin littoral - circalittoral
50%
Rhynchonelle Permien - actuel Benthique fixé fond rocheux circalittoral - bathyal
0%
Térébratule Permien - Actuel Benthique fixé fond rocheux Infralittoral - circalittoral
0%
Unio Jurassique supérieur - actuel Continental - lacustre - fluvial
0%
Arca Trias - actuel fixé Infralittoral
0%
Isis Crétacé - actuel Fond rocheux infralittoral - bathyal supérieur
0%
Eupsammia Éocène Fond sableux infralittoral
0%
Inoceramus Crétacé Fonds vaseux circalittoral
0%
Gryphaea Sinemurien Fond vaseux Infralittoral
0%
Micraster Sénomien Fond vaseux Infralittoral - circalittoral
0%
Echinocorys Sénomien Fond vaseux Infralittoral - circalittoral
0%
Solen Crétacé - actuel Infralittoral
0%
Hermelle Actuel Infralittoral - circalittoral - intertidal
0%
Serpule Carbonifère - actuel Infralittoral - circalittoral - intertidal
0%
Cardita Éocène Infralittoral fond sableux
0%
Goniatites Dévonien - Permien Infralittoral - saumâtre
0%
Lingules Cambrien - Actuel Intertidale - Infralittoral
0%
Cardium Lias - actuel Intertidal - Infralittoral fond sableux - vaseux
0%
Halimeda Crétacé supérieur - actuel Littoral - Infralittoral
0%
Dictyonema Silurien Marin
0%
Hippurites Crétacé Marin récifal
0%
Requienia Crétacé inférieur Marin récifal
0%
Diceras Jurassique supérieur Marin récifal
0%
Ostrea Miocène - actuel Sableux Infralittoral
0%
Aucun quiz correspondant
Distribution des résultats
% des personnes avec chaque résultat
Percentile par nombre de réponses
Votre historique - résultats
Vous n’avez pas pris ce quiz